000 00307nam a22001337a 4500
008 181011b xxu||||| |||| 00| 0 eng d
020 _a9780071591249
041 _aeng
080 _a610
100 _a4
101 _aSHM
245 _aCurrent Medical Diagnosis & Treatment
_cMcPhee, S.J
942 _2udc
_cBK
999 _c49451
_d49451